Mittelalterliche Holzfiguren (Record no. 6125)

MARC details
000 -CABECERA
campo de control de longitud fija 00611nam a2200217 a 4500
001 - NÚMERO DE CONTROL
campo de control BRCA_6441
005 - FECHA Y HORA DE LA ÚLTIMA TRANSACCIÓN
campo de control 20190320205444.0
008 - DATOS DE LONGITUD FIJA--INFORMACIÓN GENERAL
campo de control de longitud fija 220911s1920----sz-a######---#000-0#ger-#
041 ## - CÓDIGO DE LENGUA
Código de lengua del texto/banda sonora o título independiente ger
044 ## - CÓDIGO DEL PAÍS DE LA ENTIDAD EDITORA/PRODUCTORA
Código MARC del país sz
050 #4 - SIGNATURA TOPOGRÁFICA DE LA BIBLIOTECA DEL CONGRESO
Número de clasificación NB1250
Número de documento/Ítem .P53 1920
100 1# - ENTRADA PRINCIPAL--NOMBRE DE PERSONA
Nombre de persona Picard, Max
Fechas asociadas al nombre 1888-1965
9 (RLIN) 16088
245 10 - MENCIÓN DE TÍTULO
Título Mittelalterliche Holzfiguren
Mención de responsabilidad, etc. Max Picard.
260 ## - PUBLICACIÓN, DISTRIBUCIÓN, ETC.
Lugar de publicación, distribución, etc. Erlenbach, Suiza
Nombre del editor, distribuidor, etc. Eugen Rentsch
Fecha de publicación, distribución, etc. 1920
300 ## - DESCRIPCIÓN FÍSICA
Extensión 27 p.
Otras características físicas il., 32 láminas
Dimensiones 26 cm.
500 ## - NOTA GENERAL
Nota general CDE61
650 14 - PUNTO DE ACCESO ADICIONAL DE MATERIA--TÉRMINO DE MATERIA
Término de materia o nombre geográfico como elemento de entrada Escultura en madera
Subdivisión cronológica Época medieval
9 (RLIN) 16089
650 14 - PUNTO DE ACCESO ADICIONAL DE MATERIA--TÉRMINO DE MATERIA
Término de materia o nombre geográfico como elemento de entrada Talla en madera
Subdivisión general Escultura
9 (RLIN) 16090
902 ## - CATALOGADOR
Iniciales GFM
942 ## - ELEMENTOS DE PUNTO DE ACCESO ADICIONAL (KOHA)
Fuente del sistema de clasificación o colocación Library of Congress Classification
Tipo de ítem Koha Libros
Holdings
Estado de retiro Estado de pérdida Estado dañado No para préstamo Localización permanente Ubicación/localización actual Fecha de adquisición Número de inventario Total de préstamos Signatura topográfica completa Código de barras Fecha visto por última vez Precio válido a partir de Tipo de ítem Koha
El ejemplar forma parte de la colección y puede ser consultado según las políticas vigentes.       Biblioteca del Museo Franz Mayer (Rogerio Casas-Alatriste) Biblioteca del Museo Franz Mayer (Rogerio Casas-Alatriste) 22/09/2011 CDE61   NB1250 .P53 1920 (CDE61) 6888 22/03/2019 22/03/2019 Libros